00000000nam 2200000zi 4500
0019.946524
003CaOODSP
00520250106125022
006m     o  d f      
007cr bn|||||||||
008250106e197405##oncb    ob   f000 0 fre d
040 |aCaOODSP|bfre|erda|cCaOODSP
0861 |aId35-11/1974F-PDF
24500|aEnquête mondiale sur l'aviculture / |ccompilé par Division des bestiaux, des viandes et des produits laitiers, Direction de l'agriculture, des pêcheries et des produits alimentaires.
264 1|a[Ottawa] : |bMinistère de l'industrie et du commerce, Direction de l'agriculture, des pêcheries et des produits alimentaires, Division des bestiaux, des viandes et des produits laitiers, |cmai 1974.
300 |a1 ressource en ligne (351 pages) : |bcartes
336 |atexte|btxt|2rdacontent/fre
337 |ainformatique|bc|2rdamedia/fre
338 |aressource en ligne|bcr|2rdacarrier/fre
500 |aPublié aussi en anglais sous le titre : World survey on poultry and eggs.
500 |aÉdition numérisée de l'imprimé [par Innovation, sciences et développement économique Canada].
504 |aComprend des références bibliographiques.
650 6|aVolailles|xIndustrie.
650 6|aŒufs|xCommerce.
650 6|aÉtudes de marché.
7101 |aCanada. |bMinistère de l'industrie et du commerce. |bDirection de l'agriculture, des pêcheries et des produits alimentaires, |eorganisme de publication.
77508|tWorld survey on poultry and eggs / |w(CaOODSP)9.933170
85640|qPDF|s3.69 Mo|uhttps://publications.gc.ca/collections/collection_2025/isde-ised/Id35-11-1974-fra.pdf